| 000 | 01308cam a22002054a 4500 | ||
|---|---|---|---|
| 005 | 20250605164121.0 | ||
| 008 | 250528s ||||||||||||||||||||||||d | ||
| 035 | _a18261 | ||
| 020 | _a256024030 | ||
| 040 |
_aGR-AtMCL _bgre _dGR-AtMCL _eAACR2 |
||
| 245 | 1 | _aSocial Psychology / Principles and Themes of Interpersonal Behavior | |
| 260 |
_bDorsey Press, _c1982 |
||
| 300 | _a562 | ||
| 520 | _aCore Concepts and Integrative Themes, The Core Concepts of Social Context and Personal Structure, The Interpersonal Themes of Control and Sentiment, The Cognitive Themes of Resolution and Consistency and Valuation, Beliefs and Their Consequences, Opinion Formation and Change, Beliefs and Overt Actions I: Effects of Behavior on Opinions, Beliefs and Overt Actions II: Effects of Opinions on Behavior, Forming Impressions about People, The Impact of Impressions on Social Behavior, Social Behavior, Social Behavior as an Exchange, Interpersonal Behavior in Brief Encounters: The Examples of Helping and Hurting, Social Behavior in Small Groups, Interpersonal Attraction: Linking and Loving, Interpersonal Repulsion: Prejudice and Hate, Epilogue, References, Name and Subject Index. | ||
| 700 | 1 |
_aCrano William D _94539 |
|
| 700 | 1 |
_aMesse Lawrence A _94540 |
|
| 942 | _cBK | ||
| 999 |
_c3631 _d3631 |
||